000
00300nam a2200109Ia 4500
008
200302s9999 xx 000 0 und d
100
_a
Luciana Parisi
245
_a
Contagious Architecture Compitation Athetics and space
260
_b
MIT press cambridge massachusetts
260
_c
2013
300
_a
370
999
_c
5302
_d
5302